Trading with the enemy in World War II.

Bibliographic Details
Main Author: Domke, Martin, 1892-1980
Format: Book
Language:English
Published: New York : Central Book Co., 1943.
Subjects:

MARC

Tag First Indicator Second Indicator Subfields
LEADER 00000cam a2200000 4500
001 in00000061168
005 20151008051631.0
008 760120s1943 nyu b 00000 eng
010 |a  43010785  
035 |a (OCoLC)01938091 
035 |9 AAG9092AM 
040 |a DLC  |c UTL  |d OCL  |d TXA  |d UtOrBLW 
049 |a TXAM  |c [158698] 
050 0 0 |a JX5270  |b .D6 
092 |a 341.3  |b D672t 
100 1 |a Domke, Martin,  |d 1892-1980. 
245 1 0 |a Trading with the enemy in World War II. 
264 1 |a New York :  |b Central Book Co.,  |c 1943. 
300 |a xv, 640 pages ;  |c 24 cm. 
336 |a text  |b txt  |2 rdacontent 
337 |a unmediated  |b n  |2 rdamedia 
338 |a volume  |b nc  |2 rdacarrier 
500 |a Accompanied by supplement "The control of alien property." 
504 |a Bibliography: pages 570-577. 
650 0 |a Trading with the enemy. 
650 0 |a Enemy property. 
650 0 |a World War, 1939-1945  |x Law and legislation  |z United States. 
740 4 2 |a The control of alien property. 
999 |a MARS 
999 f f |s 8143fb5e-a157-326e-9b8a-730edd87db01  |i c8fad5e8-75c3-35d5-8463-724aaa9e37e8  |t 0 
952 f f |p ric  |a Texas A&M University  |b Rellis Campus  |c Joint Library Facility  |d Remote Storage  |t 0  |e JX5270 .D6  |h Library of Congress classification  |i unmediated -- volume  |m A14809786503 
998 f f |a JX5270 .D6  |t 0  |l Remote Storage